[Event "DSJ Weihnachtsturnier U16: Lasker 2020"]
[Site ""]
[Date "2020.12.28"]
[Round "5"]
[White "Isbilir, Levin"]
[Black "Liu, Leon"]
[Result "1-0"]
[Termination "normal"]
[Board "9.3"]
[WhiteElo "1325"]
[BlackElo "1230"]
[WhiteTeam "SC Erlangen 48/88"]
[BlackTeam "Karlsruher SF 1853 2"]
[PlyCount "85"]
[WhiteFideId "16267192"]
[BlackFideId "16275047"]
[EventRounds "7"]
[EventType "team-swiss"]
[EventDate "2020.12.28"]

1. e4 {[%emt 0:00:20]} e5 {[%emt 0:00:04] Karlsru5-003 reconnected.} 2. Nf3
{[%emt 0:00:03]} Nc6 {[%emt 0:00:03]} 3. d4 { [%emt 0:00:01]} d5 {[%emt
0:00:12]} 4. dxe5 {[%emt 0:00:18]} Bg4 {[%emt 0:00:20] Karlsru5-003
reconnected. Karlsru5-003 reconnected.} 5. Be2 {[%emt 0:00:52] } Bxf3 {[%emt
0:00:06]} 6. Bxf3 {[%emt 0:00:05]} Nxe5 {[%emt 0:00:04] Karlsru5-003
reconnected.} 7. exd5 {[%emt 0:00:12] Karlsru5-003 reconnected.} Nf6 {[%emt
0:00:20]} 8. Nc3 {[%emt 0:00:12]} Bd6 {[%emt 0:00:05]} 9. O-O { [%emt 0:00:03]}
O-O {[%emt 0:00:02]} 10. Be3 {[%emt 0:00:17]} Re8 {[%emt 0:00:06]} 11. Re1
{[%emt 0:00:11]} Nc4 {[%emt 0:00:33]} 12. Rb1 {[%emt 0:00:18]} Nxe3 {[%emt
0:00:30]} 13. fxe3 {[%emt 0:00:03]} Bc5 {[%emt 0:00:10]} 14. Qd2 { [%emt
0:00:22]} Bb4 {[%emt 0:00:25]} 15. e4 {[%emt 0:00:14]} c6 {[%emt 0:00:20] } 16.
Rbd1 {[%emt 0:00:24]} cxd5 {[%emt 0:00:23]} 17. exd5 {[%emt 0:00:10]} Rxe1+
{[%emt 0:00:07]} 18. Rxe1 {[%emt 0:00:06]} Bxc3 {[%emt 0:00:16]} 19. bxc3
{[%emt 0:00:16]} h6 {[%emt 0:00:14]} 20. d6 {[%emt 0:00:17]} Qb6+ {[%emt
0:00:05] Karlsru5-003 reconnected. Karlsru5-003 reconnected.} 21. Qd4 {[%emt
0:01:06]} Qxd4+ {[%emt 0:00:08]} 22. cxd4 {[%emt 0:00:00]} Rd8 {[%emt 0:00:05]}
23. Bxb7 {[%emt 0:00:07]} Rxd6 {[%emt 0:00:01]} 24. c3 {[%emt 0:00:02]} Rb6 {
[%emt 0:00:07]} 25. Bf3 {[%emt 0:00:11]} Ra6 {[%emt 0:00:06]} 26. Re2 {[%emt
0:00:08]} Ra3 {[%emt 0:00:10]} 27. Rc2 {[%emt 0:00:19]} Ra5 {[%emt 0:00:17]}
28. c4 {[%emt 0:00:07]} Kf8 {[%emt 0:00:10]} 29. c5 {[%emt 0:00:13]} Ke7 {[%emt
0:00:10]} 30. c6 {[%emt 0:00:10]} Ne8 {[%emt 0:00:41]} 31. c7 {[%emt 0:00:15]}
Nxc7 {[%emt 0:00:04]} 32. Rxc7+ {[%emt 0:00:05]} Ke6 {[%emt 0:00:01]} 33. d5+ {
[%emt 0:00:18]} Kd6 {[%emt 0:00:15]} 34. Rxf7 {[%emt 0:00:06]} Rxa2 {[%emt
0:00:02]} 35. Rxg7 {[%emt 0:00:02]} Ra1+ {[%emt 0:00:04]} 36. Kf2 {[%emt
0:00:05] } a5 {[%emt 0:00:06]} 37. Rg6+ {[%emt 0:00:02]} Kd7 {[%emt 0:00:01]}
38. Rxh6 { [%emt 0:00:09]} a4 {[%emt 0:00:02]} 39. Ra6 {[%emt 0:00:02]} a3
{[%emt 0:00:03] } 40. Kg3 {[%emt 0:00:02]} a2 {[%emt 0:00:02]} 41. Bg4+ {[%emt
0:00:12]} Kd8 { [%emt 0:00:07]} 42. d6 {[%emt 0:00:11]} Rd1 {[%emt 0:00:26]}
43. Ra8# {[%emt 0:00:04]} 1-0

[Event "DSJ Weihnachtsturnier U16: Lasker 2020"]
[Site ""]
[Date "2020.12.28"]
[Round "5"]
[White "Kossert, Simon"]
[Black "Wu, Wilfried"]
[Result "0-1"]
[Termination "normal"]
[Board "9.4"]
[WhiteElo "1299"]
[BlackElo "1461"]
[WhiteTeam "Karlsruher SF 1853 2"]
[BlackTeam "SC Erlangen 48/88"]
[PlyCount "54"]
[WhiteFideId "16283287"]
[BlackFideId "16260775"]
[EventRounds "7"]
[EventType "team-swiss"]
[EventDate "2020.12.28"]

1. e4 {[%emt 0:00:03]} e5 {[%emt 0:00:16]} 2. Nf3 {[%emt 0:00:01]} Nc6 { [%emt
0:00:02]} 3. Nc3 {[%emt 0:00:02]} Bc5 {[%emt 0:00:05]} 4. Nxe5 {[%emt 0:00:02]}
Nxe5 {[%emt 0:00:02]} 5. d4 {[%emt 0:00:02]} Bd6 {[%emt 0:00:02]} 6. dxe5
{[%emt 0:00:04]} Bxe5 {[%emt 0:00:02]} 7. Bc4 {[%emt 0:00:06]} d6 { [%emt
0:00:26]} 8. O-O {[%emt 0:00:18]} Be6 {[%emt 0:00:12]} 9. Bxe6 {[%emt 0:00:03]}
fxe6 {[%emt 0:00:03]} 10. Be3 {[%emt 0:00:29] Karlsru5-004 reconnected. } Nf6
{[%emt 0:00:54]} 11. f4 {[%emt 0:00:16]} Bxc3 {[%emt 0:00:03]} 12. bxc3 { [%emt
0:00:02]} Nxe4 {[%emt 0:00:26]} 13. Qd4 {[%emt 0:00:19]} Nf6 {[%emt 0:00:16]}
14. f5 {[%emt 0:00:21]} e5 {[%emt 0:00:11]} 15. Qh4 {[%emt 0:00:18]} O-O {
[%emt 0:00:43]} 16. Rf3 {[%emt 0:01:09]} Nd5 {[%emt 0:00:58]} 17. Bg5 {[%emt
0:00:27]} Qd7 {[%emt 0:01:12]} 18. Rh3 {[%emt 0:01:23]} Qxf5 {[%emt 0:00:35]
Karlsru5-004 reconnected. Karlsru5-004 reconnected. Karlsru5-004 reconnected.
Karlsru5-004 reconnected.} 19. Bh6 {[%emt 0:02:14]} gxh6 {[%emt 0:01:38]} 20.
Qxh6 {[%emt 0:00:38]} Rf6 {[%emt 0:00:16]} 21. Rg3+ {[%emt 0:00:15]} Rg6 {
[%emt 0:00:09] Karlsru5-004 reconnected. Karlsru5-004 reconnected. Karlsru5-004
reconnected.} 22. Rf1 {[%emt 0:00:27]} Qe6 {[%emt 0:00:25]} 23. Rxg6+ {[%emt
0:00:43]} Qxg6 {[%emt 0:00:14]} 24. Qd2 {[%emt 0:00:18]} Nf4 { [%emt 0:00:12]}
25. g3 {[%emt 0:00:13]} Rf8 {[%emt 0:00:18]} 26. Kh1 {[%emt 0:00:04]} Qe4+
{[%emt 0:00:07]} 27. Kg1 {[%emt 0:00:11]} Nh3# {[%emt 0:00:04]} 0-1

[Event "DSJ Weihnachtsturnier U16: Lasker 2020"]
[Site ""]
[Date "2020.12.28"]
[Round "5"]
[White "Maas, Kolja"]
[Black "Doll, Rebecca"]
[Result "1-0"]
[Termination "normal"]
[Board "10.1"]
[WhiteElo "1559"]
[BlackElo "1762"]
[WhiteTeam "Lübecker SV von 1873 2"]
[BlackTeam "OSG Baden-Baden 2"]
[PlyCount "59"]
[WhiteFideId "16220420"]
[BlackFideId "16236890"]
[EventRounds "7"]
[EventType "team-swiss"]
[EventDate "2020.12.28"]

1. e4 {[%emt 0:00:04]} e5 {[%emt 0:00:04]} 2. Nf3 {[%emt 0:00:04]} Nc6 { [%emt
0:00:02]} 3. Bb5 {[%emt 0:00:03]} a6 {[%emt 0:00:03]} 4. Ba4 {[%emt 0:00:02]}
Nf6 {[%emt 0:00:11]} 5. O-O {[%emt 0:00:05]} Nxe4 {[%emt 0:00:09]} 6. Re1
{[%emt 0:00:02]} Nc5 {[%emt 0:00:09]} 7. Bxc6 {[%emt 0:00:02]} dxc6 {[%emt
0:00:04]} 8. Nxe5 {[%emt 0:00:02]} Be7 {[%emt 0:00:05]} 9. d4 {[%emt 0:00:02]}
Nd7 {[%emt 0:00:50]} 10. Nc3 {[%emt 0:00:06]} Nf6 {[%emt 0:00:04]} 11. Bg5 {
[%emt 0:00:03]} O-O {[%emt 0:00:06]} 12. Ne4 {[%emt 0:00:25]} Bf5 {[%emt
0:00:26]} 13. Ng3 {[%emt 0:00:35]} Be6 {[%emt 0:00:20]} 14. h3 {[%emt 0:00:21]}
h6 { [%emt 0:00:05]} 15. Bf4 {[%emt 0:00:18]} Nd5 {[%emt 0:00:06]} 16. Bc1
{[%emt 0:00:26] Luebeck4-001 reconnected.} Bg5 {[%emt 0:01:25]} 17. c4 {[%emt
0:00:37]} Nb6 {[%emt 0:00:42]} 18. b3 {[%emt 0:00:25]} Bxc1 {[%emt 0:00:29]}
19. Rxc1 { [%emt 0:00:05]} a5 {[%emt 0:00:03]} 20. f4 {[%emt 0:00:07]} Qh4
{[%emt 0:00:50] } 21. Qf3 {[%emt 0:00:23]} a4 {[%emt 0:00:21]} 22. Re4 {[%emt
0:00:29]} Bd7 { [%emt 0:00:48]} 23. c5 {[%emt 0:00:23]} axb3 {[%emt 0:00:59]}
24. axb3 { [%emt 0:00:20]} Qd8 {[%emt 0:00:39]} 25. cxb6 {[%emt 0:00:05]} Be6
{[%emt 0:00:03]} 26. bxc7 {[%emt 0:00:24]} Qxc7 {[%emt 0:00:02]} 27. Re2 {[%emt
0:00:11]} Bd5 {[%emt 0:00:04]} 28. Qxd5 {[%emt 0:00:02]} Ra1 {[%emt 0:00:35]}
29. Qc4 { [%emt 0:00:08]} b5 {[%emt 0:00:01]} 30. Qc3 {[%emt 0:00:07]} 1-0

[Event "DSJ Weihnachtsturnier U16: Lasker 2020"]
[Site ""]
[Date "2020.12.28"]
[Round "5"]
[White "Schulz, Victor"]
[Black "Paulsen, Niels-Martin"]
[Result "1/2-1/2"]
[Termination "normal"]
[Board "10.2"]
[WhiteElo "1510"]
[BlackElo "1588"]
[WhiteTeam "OSG Baden-Baden 2"]
[BlackTeam "Lübecker SV von 1873 2"]
[PlyCount "88"]
[WhiteFideId "36051268"]
[BlackFideId "16214994"]
[EventRounds "7"]
[EventType "team-swiss"]
[EventDate "2020.12.28"]

1. e4 {[%emt 0:00:07]} c5 {[%emt 0:00:04]} 2. b3 {[%emt 0:00:05]} Nc6 {[%emt
0:00:06]} 3. Bb2 {[%emt 0:00:04]} a6 {[%emt 0:00:09]} 4. Nc3 {[%emt 0:00:18]}
e6 {[%emt 0:00:02]} 5. Nf3 {[%emt 0:00:04]} Qc7 {[%emt 0:00:02]} 6. Be2 {[%emt
0:00:06]} Nf6 {[%emt 0:00:05]} 7. O-O {[%emt 0:00:05]} d5 {[%emt 0:00:03]} 8.
exd5 {[%emt 0:00:08]} exd5 {[%emt 0:00:16]} 9. d4 {[%emt 0:00:22]} b6 {[%emt
0:00:27]} 10. dxc5 {[%emt 0:00:04]} d4 {[%emt 0:00:42]} 11. Nxd4 {[%emt
0:00:12]} Nxd4 {[%emt 0:00:04]} 12. Qxd4 {[%emt 0:00:05]} Bxc5 {[%emt 0:00:01]}
13. Qd2 { [%emt 0:00:43]} O-O {[%emt 0:00:05]} 14. Nd5 {[%emt 0:00:07]} Qd6
{[%emt 0:00:38]} 15. Nxf6+ {[%emt 0:00:07]} gxf6 {[%emt 0:00:08]} 16. Qxd6
{[%emt 0:00:04]} Bxd6 {[%emt 0:00:01]} 17. Bxf6 {[%emt 0:00:10]} Bf5 {[%emt
0:00:03]} 18. Rad1 { [%emt 0:00:18]} Bb4 {[%emt 0:00:27]} 19. Rd5 {[%emt
0:00:20]} Bxc2 {[%emt 0:00:09]} 20. Rg5+ {[%emt 0:00:03]} Bg6 {[%emt 0:00:02]}
21. f4 {[%emt 0:00:03]} h6 {[%emt 0:00:26]} 22. Rg4 {[%emt 0:00:21]} Kh7 {[%emt
0:00:20]} 23. f5 {[%emt 0:00:04]} Bc5+ {[%emt 0:00:17]} 24. Kh1 {[%emt
0:00:04]} h5 {[%emt 0:01:35]} 25. fxg6+ {[%emt 0:00:19]} fxg6 {[%emt 0:00:01]}
26. Re4 {[%emt 0:00:03]} Rae8 { [%emt 0:00:26]} 27. Bd3 {[%emt 0:00:18]} Rxe4
{[%emt 0:00:23]} 28. Bxe4 { [%emt 0:00:04]} Bd4 {[%emt 0:00:09]} 29. Bxd4
{[%emt 0:00:35]} Rxf1+ {[%emt 0:00:12]} 30. Bg1 {[%emt 0:00:03]} Ra1 {[%emt
0:00:12]} 31. a4 {[%emt 0:00:04]} b5 {[%emt 0:00:11]} 32. Bc6 {[%emt 0:00:24]}
Rb1 {[%emt 0:00:44]} 33. axb5 { [%emt 0:00:11]} axb5 {[%emt 0:00:02]} 34. Bd5
{[%emt 0:00:10]} Kg7 {[%emt 0:00:04]} 35. h3 {[%emt 0:00:16]} Kf6 {[%emt
0:00:07]} 36. Kh2 {[%emt 0:00:04]} Ke5 {[%emt 0:00:22]} 37. Bf7 {[%emt
0:00:07]} Kf6 {[%emt 0:00:09]} 38. Bg8 { [%emt 0:00:02]} h4 {[%emt 0:00:10]}
39. Bd4+ {[%emt 0:00:13]} Kf5 {[%emt 0:00:06]} 40. g4+ {[%emt 0:00:08]} Kf4
{[%emt 0:00:14]} 41. Kg2 {[%emt 0:00:20]} Rd1 {[%emt 0:00:06]} 42. Bf2 {[%emt
0:00:17]} Rd2 {[%emt 0:00:09]} 43. Bf7 { [%emt 0:00:11]} g5 {[%emt 0:00:03]}
44. Be8 {[%emt 0:00:05]} b4 {[%emt 0:00:08] Luebeck4-002 offers a draw} 1/2-1/2

[Event "DSJ Weihnachtsturnier U16: Lasker 2020"]
[Site ""]
[Date "2020.12.28"]
[Round "5"]
[White "Monakhov, Boris"]
[Black "Neves, Carlos"]
[Result "1-0"]
[Termination "normal"]
[Board "10.3"]
[WhiteElo "1634"]
[BlackElo "1457"]
[WhiteTeam "Lübecker SV von 1873 2"]
[BlackTeam "OSG Baden-Baden 2"]
[PlyCount "47"]
[WhiteFideId "16297415"]
[BlackFideId "16258320"]
[EventRounds "7"]
[EventType "team-swiss"]
[EventDate "2020.12.28"]

1. e4 {[%emt 0:00:11]} c5 {[%emt 0:00:03]} 2. Nf3 {[%emt 0:00:02]} Nc6 { [%emt
0:00:02]} 3. Bb5 {[%emt 0:00:02]} g6 {[%emt 0:00:04]} 4. Bxc6 {[%emt 0:00:11]}
dxc6 {[%emt 0:00:01]} 5. d4 {[%emt 0:00:02]} cxd4 {[%emt 0:00:08]} 6. Nxd4
{[%emt 0:00:00]} Bg7 {[%emt 0:00:01]} 7. Be3 {[%emt 0:00:07]} c5 {[%emt
0:00:10]} 8. Nb5 {[%emt 0:00:13]} Qxd1+ {[%emt 0:00:06]} 9. Kxd1 {[%emt
0:00:02]} Bg4+ {[%emt 0:00:25]} 10. f3 {[%emt 0:00:19]} Rd8+ {[%emt 0:00:02]}
11. Ke2 { [%emt 0:00:15]} Bxb2 {[%emt 0:00:10]} 12. Nd2 {[%emt 0:00:10]} Bxa1
{[%emt 0:00:06]} 13. Rxa1 {[%emt 0:00:04]} Be6 {[%emt 0:00:03]} 14. Bxc5 {[%emt
0:00:14] } a6 {[%emt 0:00:19]} 15. Nc7+ {[%emt 0:00:16]} Kf8 {[%emt 0:00:07]}
16. c3 { [%emt 0:00:11]} Bd7 {[%emt 0:00:34]} 17. Bd4 {[%emt 0:00:22]} f6
{[%emt 0:00:07]} 18. Rd1 {[%emt 0:00:07]} e6 {[%emt 0:00:15]} 19. Nb3 {[%emt
0:00:36]} Rc8 {[%emt 0:00:02]} 20. Bc5+ {[%emt 0:00:16]} Kf7 {[%emt 0:00:06]}
21. Rxd7+ { [%emt 0:00:04]} Ne7 {[%emt 0:00:03]} 22. Rxe7+ {[%emt 0:00:03]} Kg8
{[%emt 0:00:04]} 23. Nxe6 {[%emt 0:00:22]} h5 {[%emt 0:00:21]} 24. Rg7# {[%emt
0:00:04]} 1-0

[Event "DSJ Weihnachtsturnier U16: Lasker 2020"]
[Site ""]
[Date "2020.12.28"]
[Round "5"]
[White "Kolkmann, Tom"]
[Black "Artukovic, Benjamin"]
[Result "0-1"]
[Termination "time forfeit"]
[Board "11.1"]
[WhiteElo "1560"]
[BlackElo "1358"]
[WhiteTeam "Rhedaer Schachverein von 1931"]
[BlackTeam "SC Weisse Dame"]
[PlyCount "60"]
[WhiteFideId "34607013"]
[BlackFideId "16204255"]
[EventRounds "7"]
[EventType "team-swiss"]
[EventDate "2020.12.28"]

1. e4 {[%emt 0:00:10]} c5 {[%emt 0:00:04]} 2. Nf3 {[%emt 0:00:02]} d6 {[%emt
0:00:02]} 3. d4 {[%emt 0:00:02]} cxd4 {[%emt 0:00:00]} 4. Qxd4 {[%emt 0:00:03]}
a6 {[%emt 0:00:03]} 5. Nc3 {[%emt 0:00:25]} Nc6 {[%emt 0:00:05]} 6. Qd1 { [%emt
0:00:22]} Nf6 {[%emt 0:00:03]} 7. Bc4 {[%emt 0:00:11]} e6 {[%emt 0:00:03] } 8.
Be3 {[%emt 0:00:15]} Ng4 {[%emt 0:00:05]} 9. Bf4 {[%emt 0:00:30]} Be7 { [%emt
0:00:08]} 10. h3 {[%emt 0:00:04]} Nf6 {[%emt 0:00:03]} 11. e5 {[%emt 0:00:51]}
dxe5 {[%emt 0:00:14]} 12. Qxd8+ {[%emt 0:00:20]} Bxd8 {[%emt 0:00:03]} 13. Nxe5
{[%emt 0:00:08]} Bc7 {[%emt 0:00:13]} 14. Nd3 {[%emt 0:00:57]} Bb6 { [%emt
0:00:15]} 15. O-O-O {[%emt 0:00:18]} O-O {[%emt 0:00:04]} 16. Rhf1 { [%emt
0:00:29]} Na5 {[%emt 0:00:09]} 17. Ne5 {[%emt 0:00:31]} Nxc4 {[%emt 0:00:58]}
18. Nxc4 {[%emt 0:00:04]} Ba7 {[%emt 0:00:02]} 19. Rd3 {[%emt 0:00:23]} b5
{[%emt 0:00:05]} 20. Ne5 {[%emt 0:00:41]} Bb7 {[%emt 0:00:09]} 21. Bg5 { [%emt
0:00:21]} Nd5 {[%emt 0:00:21]} 22. Nxd5 {[%emt 0:00:25]} Bxd5 {[%emt 0:00:00]}
23. b3 {[%emt 0:00:21]} Bxg2 {[%emt 0:00:09]} 24. Rg1 {[%emt 0:00:13]} Be4
{[%emt 0:00:16]} 25. Rd7 {[%emt 0:00:22]} Bxf2 {[%emt 0:00:30]} 26. Rf1 { [%emt
0:00:30]} f6 {[%emt 0:00:51]} 27. Rxf2 {[%emt 0:00:46]} fxg5 {[%emt 0:00:07]}
28. Re2 {[%emt 0:00:37]} Bd5 {[%emt 0:00:13]} 29. c4 {[%emt 0:00:11]} bxc4
{[%emt 0:00:16]} 30. bxc4 {[%emt 0:00:08]} Rac8 {[%emt 0:00:14] TimeW} 0-1

[Event "DSJ Weihnachtsturnier U16: Lasker 2020"]
[Site ""]
[Date "2020.12.28"]
[Round "5"]
[White "Movsisyan, Andranik"]
[Black "Schirneck, Ethan"]
[Result "1-0"]
[Termination "normal"]
[Board "11.2"]
[WhiteElo "1578"]
[BlackElo "1435"]
[WhiteTeam "SC Weisse Dame"]
[BlackTeam "Rhedaer Schachverein von 1931"]
[PlyCount "87"]
[WhiteFideId "16240391"]
[BlackFideId "34625593"]
[EventRounds "7"]
[EventType "team-swiss"]
[EventDate "2020.12.28"]

1. e4 {[%emt 0:00:08]} e5 {[%emt 0:00:02]} 2. Nf3 {[%emt 0:00:07]} Nc6 { [%emt
0:00:03]} 3. Bc4 {[%emt 0:00:02]} d6 {[%emt 0:00:07]} 4. d3 {[%emt 0:00:11]} g6
{[%emt 0:00:07]} 5. Ng5 {[%emt 0:00:08]} h6 {[%emt 0:00:13]} 6. Nxf7 { [%emt
0:00:04]} Qf6 {[%emt 0:00:04]} 7. Nxh8 {[%emt 0:00:06]} Qxh8 {[%emt 0:00:01]}
8. Qf3 {[%emt 0:00:15]} Qf6 {[%emt 0:00:04]} 9. Bxg8 {[%emt 0:00:06]} Qxf3
{[%emt 0:00:05]} 10. gxf3 {[%emt 0:00:02]} Be7 {[%emt 0:00:02]} 11. Bd5 { [%emt
0:00:07]} Bd7 {[%emt 0:00:04]} 12. Nc3 {[%emt 0:00:02]} O-O-O {[%emt 0:00:10]}
13. Bxc6 {[%emt 0:00:10]} bxc6 {[%emt 0:00:23]} 14. Be3 {[%emt 0:00:07] } Kb7
{[%emt 0:00:02]} 15. a4 {[%emt 0:00:27]} Be6 {[%emt 0:00:06]} 16. a5 { [%emt
0:00:04]} a6 {[%emt 0:00:04]} 17. Bxh6 {[%emt 0:00:13]} g5 {[%emt 0:00:07]} 18.
Ne2 {[%emt 0:00:12]} Rh8 {[%emt 0:00:05]} 19. d4 {[%emt 0:00:09]} Rxh6 {[%emt
0:00:04]} 20. b3 {[%emt 0:00:35]} exd4 {[%emt 0:00:16]} 21. Nxd4 { [%emt
0:00:02]} Bh3 {[%emt 0:00:06]} 22. Rg1 {[%emt 0:00:22]} Bf6 {[%emt 0:00:31]}
23. O-O-O {[%emt 0:00:15]} c5 {[%emt 0:00:08]} 24. Ne2 {[%emt 0:00:17]} Be5
{[%emt 0:00:12]} 25. Ng3 {[%emt 0:00:10]} Bxg3 {[%emt 0:00:21]} 26. Rxg3 {
[%emt 0:00:14]} Bd7 {[%emt 0:00:03]} 27. Rh1 {[%emt 0:00:21]} Rf6 {[%emt
0:00:11]} 28. Rxg5 {[%emt 0:00:16]} Rxf3 {[%emt 0:00:05]} 29. h4 {[%emt
0:00:26]} Rxf2 {[%emt 0:00:12]} 30. h5 {[%emt 0:00:07]} Bc6 {[%emt 0:00:11]}
31. Rh4 { [%emt 0:00:28]} Rf1+ {[%emt 0:00:13]} 32. Kb2 {[%emt 0:00:03]} Re1
{[%emt 0:00:28]} 33. Rgg4 {[%emt 0:00:16]} Bd7 {[%emt 0:00:06]} 34. Rf4 {[%emt
0:00:03]} Rg1 {[%emt 0:00:07]} 35. h6 {[%emt 0:00:03]} Rg8 {[%emt 0:00:04]} 36.
h7 { [%emt 0:00:02]} Rh8 {[%emt 0:00:02]} 37. Rf7 {[%emt 0:00:03]} Be8 {[%emt
0:00:08]} 38. Rg7 {[%emt 0:00:04]} Bf7 {[%emt 0:00:34]} 39. Rxf7 {[%emt
0:00:06]} Kc6 {[%emt 0:00:04]} 40. Rg4 {[%emt 0:00:09]} Kb5 {[%emt 0:00:04]}
41. Rxc7 { [%emt 0:00:05]} Kxa5 {[%emt 0:00:03]} 42. Rb7 {[%emt 0:00:06]} Rc8
{[%emt 0:00:10]} 43. e5 {[%emt 0:00:06]} dxe5 {[%emt 0:00:02]} 44. Ra4# {[%emt
0:00:03]} 1-0

[Event "DSJ Weihnachtsturnier U16: Lasker 2020"]
[Site ""]
[Date "2020.12.28"]
[Round "5"]
[White "Rommel, Kevin"]
[Black "Tunc, Ozan Kurtul"]
[Result "0-1"]
[Termination "normal"]
[Board "11.3"]
[WhiteElo "1291"]
[BlackElo "1655"]
[WhiteTeam "Rhedaer Schachverein von 1931"]
[BlackTeam "SC Weisse Dame"]
[PlyCount "92"]
[WhiteFideId "34640185"]
[EventRounds "7"]
[EventType "team-swiss"]
[EventDate "2020.12.28"]

1. e4 {[%emt 0:00:07]} c5 {[%emt 0:00:06]} 2. Nf3 {[%emt 0:00:05]} d6 {[%emt
0:00:05]} 3. d4 {[%emt 0:00:02]} cxd4 {[%emt 0:00:08]} 4. Nxd4 {[%emt 0:00:13]}
Nf6 {[%emt 0:00:05]} 5. Nc3 {[%emt 0:00:03]} a6 {[%emt 0:00:04]} 6. Bg5 { [%emt
0:00:03]} e6 {[%emt 0:00:05]} 7. Bc4 {[%emt 0:00:08]} Be7 {[%emt 0:00:10] } 8.
Bf4 {[%emt 0:00:13]} e5 {[%emt 0:00:05]} 9. Be3 {[%emt 0:01:36]} exd4 { [%emt
0:00:05]} 10. Bxd4 {[%emt 0:00:02]} Nc6 {[%emt 0:00:06]} 11. Be3 { [%emt
0:00:08]} Be6 {[%emt 0:00:13]} 12. Bd5 {[%emt 0:00:05]} Nb4 {[%emt 0:00:06]}
13. Bxe6 {[%emt 0:00:09]} fxe6 {[%emt 0:00:02]} 14. Qe2 {[%emt 0:00:07]} O-O
{[%emt 0:00:08]} 15. O-O {[%emt 0:00:11]} Qc7 {[%emt 0:00:09]} 16. Rad1 { [%emt
0:00:08]} b5 {[%emt 0:00:10]} 17. a3 {[%emt 0:00:12]} Nc6 {[%emt 0:00:02] } 18.
f4 {[%emt 0:00:06]} Na5 {[%emt 0:00:30]} 19. Bc1 {[%emt 0:00:08]} Nc4 { [%emt
0:00:09]} 20. Kh1 {[%emt 0:00:09]} Nxa3 {[%emt 0:00:27]} 21. bxa3 { [%emt
0:00:49]} Qxc3 {[%emt 0:00:03]} 22. Qd3 {[%emt 0:00:28]} Rac8 {[%emt 0:00:12]}
23. Rf2 {[%emt 0:00:11]} Rc4 {[%emt 0:00:10]} 24. Qxc3 {[%emt 0:00:18]} Rxc3
{[%emt 0:00:01]} 25. Bb2 {[%emt 0:00:03]} Nxe4 {[%emt 0:00:07]} 26. Re2 { [%emt
0:00:20]} Re3 {[%emt 0:00:48]} 27. Bxg7 {[%emt 0:00:08]} Rxe2 {[%emt 0:00:08]}
28. Bxf8 {[%emt 0:00:02]} Nf2+ {[%emt 0:00:05]} 29. Kg1 {[%emt 0:00:14] } Nxd1
{[%emt 0:00:00]} 30. Kf1 {[%emt 0:00:02]} Rf2+ {[%emt 0:00:14]} 31. Ke1 {[%emt
0:00:02]} Bxf8 {[%emt 0:00:05]} 32. Kxd1 {[%emt 0:00:03]} Rxg2 {[%emt 0:00:03]}
33. Kc1 {[%emt 0:00:04]} Rxh2 {[%emt 0:00:03]} 34. Kb1 {[%emt 0:00:02]} Bh6
{[%emt 0:00:02]} 35. Kb2 {[%emt 0:00:03]} Bxf4 {[%emt 0:00:02]} 36. Ka1 { [%emt
0:00:03]} Rxc2 {[%emt 0:00:03]} 37. Kb1 {[%emt 0:00:02]} Rh2 {[%emt 0:00:05]}
38. a4 {[%emt 0:00:03]} bxa4 {[%emt 0:00:05]} 39. Ka1 {[%emt 0:00:02]} e5
{[%emt 0:00:03]} 40. Kb1 {[%emt 0:00:02]} e4 {[%emt 0:00:01]} 41. Ka1 {[%emt
0:00:02]} h5 {[%emt 0:00:07]} 42. Kb1 {[%emt 0:00:02]} h4 {[%emt 0:00:03]} 43.
Ka1 {[%emt 0:00:02]} h3 {[%emt 0:00:01]} 44. Kb1 {[%emt 0:00:01]} Rg2 {[%emt
0:00:01]} 45. Ka1 {[%emt 0:00:02]} h2 {[%emt 0:00:01]} 46. Kb1 {[%emt 0:00:01]}
h1=R# {[%emt 0:00:01]} 0-1

[Event "DSJ Weihnachtsturnier U16: Lasker 2020"]
[Site ""]
[Date "2020.12.28"]
[Round "5"]
[White "Winkler, Yonathan"]
[Black "Sickmann, Lisa"]
[Result "1-0"]
[Termination "normal"]
[Board "12.1"]
[WhiteElo "1720"]
[BlackElo "1510"]
[WhiteTeam "Bielefelder Schachklub von 1883"]
[BlackTeam "Lübecker SV von 1873"]
[PlyCount "43"]
[WhiteFideId "16266080"]
[BlackFideId "16267818"]
[EventRounds "7"]
[EventType "team-swiss"]
[EventDate "2020.12.28"]

1. e4 {[%emt 0:00:00]} e5 {[%emt 0:00:36]} 2. Nf3 {[%emt 0:00:04] Luebeck3-001
reconnected.} Nc6 {[%emt 0:00:07]} 3. Nc3 {[%emt 0:00:02]} Nf6 {[%emt 0:00:05]}
4. Bb5 {[%emt 0:00:02]} Bd6 {[%emt 0:00:08]} 5. d3 {[%emt 0:00:03]} h6 { [%emt
0:00:05]} 6. h3 {[%emt 0:00:08]} O-O {[%emt 0:00:04]} 7. Be3 {[%emt 0:00:04]}
Re8 {[%emt 0:00:09]} 8. g4 {[%emt 0:00:08]} Nh7 {[%emt 0:00:24] Luebeck3-001
reconnected.} 9. h4 {[%emt 0:00:09] Luebeck3-001 reconnected.} Bf8 {[%emt
0:00:43]} 10. Qd2 {[%emt 0:00:12] Luebeck3-001 reconnected.} d5 { [%emt
0:00:32]} 11. exd5 {[%emt 0:00:21] Luebeck3-001 reconnected.} Nd4 { [%emt
0:00:37]} 12. Bxd4 {[%emt 0:01:10]} exd4+ {[%emt 0:00:07]} 13. Bxe8 { [%emt
0:00:04]} Qxe8+ {[%emt 0:00:02]} 14. Ne4 {[%emt 0:00:06]} Bxg4 {[%emt 0:00:06]}
15. Nxd4 {[%emt 0:00:02]} f5 {[%emt 0:00:05]} 16. f3 {[%emt 0:00:02]} Bh5
{[%emt 0:00:03]} 17. Nxf5 {[%emt 0:00:04]} Bxf3 {[%emt 0:00:05]} 18. Rf1 {
[%emt 0:00:04]} Bxe4 {[%emt 0:00:11]} 19. dxe4 {[%emt 0:00:04]} Qxe4+ {[%emt
0:00:02]} 20. Qe2 {[%emt 0:00:04]} Qxd5 {[%emt 0:00:09]} 21. Rd1 {[%emt
0:00:05]} Qe5 {[%emt 0:00:10]} 22. Qxe5 {[%emt 0:00:05]} 1-0